LIBRARY & INFORMATION CENTRE, KCAET, TAVANUR

ONLINE PUBLIC ACCESS CATALOGUE (OPAC)

Crisis in world population : Asociological examination with special reference to the underdeveloped areas / (Record no. 1744)

MARC details
000 -LEADER
fixed length control field 00513cam a2200169ua 4500
041 ## - LANGUAGE CODE
Language code of text/sound track or separate title eng
082 ## - DEWEY DECIMAL CLASSIFICATION NUMBER
Classification number 304.6
Item number HER/CR
100 ## - MAIN ENTRY--AUTHOR NAME
Personal name Hertzler., J.O .
245 ## - TITLE STATEMENT
Title Crisis in world population : Asociological examination with special reference to the underdeveloped areas /
260 ## - PUBLICATION, DISTRIBUTION, ETC. (IMPRINT)
Place of publication :
Name of publisher Lincoln : University of Nebraska press ,
Year of publication 1956.
300 ## - PHYSICAL DESCRIPTION
Number of Pages 279 :
Other physical details ` ; .
942 ## - ADDED ENTRY ELEMENTS (KOHA)
Koha item type Books
Holdings
Withdrawn status Lost status Damaged status Home library Current library Date acquired Full call number Accession Number Koha item type
Withdrawn     KAUAET Sanskrit University 07/04/2012 304.6 692 Books
free website counter